<?xml version="1.0" encoding="UTF-8"?>
<record
    xmlns:xsi="http://www.w3.org/2001/XMLSchema-instance"
    xsi:schemaLocation="http://www.loc.gov/MARC21/slim http://www.loc.gov/standards/marcxml/schema/MARC21slim.xsd"
    xmlns="http://www.loc.gov/MARC21/slim">

  <leader>01586    a2200277   4500</leader>
  <controlfield tag="001">60961</controlfield>
  <controlfield tag="005">20260407155859.0</controlfield>
  <controlfield tag="008">260407a1987    arg                 spa d</controlfield>
  <controlfield tag="003">AR-UNSa-BCEJYS</controlfield>
  <datafield tag="040" ind1=" " ind2=" ">
    <subfield code="a">AR-UNSa-BCEJYS</subfield>
    <subfield code="b">spa</subfield>
    <subfield code="c">AR-UNSa-BCEJYS</subfield>
  </datafield>
  <datafield tag="080" ind1=" " ind2=" ">
    <subfield code="a">342.24</subfield>
    <subfield code="x">Federalismo. Sistema federal. Estados federales. Estados auton&#xF3;micos. Rep&#xFA;blicas aut&#xF3;nomas (Derecho P&#xFA;blico Provincial)
</subfield>
  </datafield>
  <datafield tag="245" ind1="1" ind2="0">
    <subfield code="a">Derecho p&#xFA;blico provincial</subfield>
  </datafield>
  <datafield tag="264" ind1=" " ind2="1">
    <subfield code="a">Buenos Aires :</subfield>
    <subfield code="b">Ediciones Depalma</subfield>
    <subfield code="c">1987</subfield>
  </datafield>
  <datafield tag="300" ind1=" " ind2=" ">
    <subfield code="a">xix, 418 p.</subfield>
    <subfield code="c">23 cm.</subfield>
  </datafield>
  <datafield tag="505" ind1=" " ind2=" ">
    <subfield code="a">1. Derecho p&#xFA;blico provincial - 2. Autonom&#xED;a y dependencia en las provincias - 3. El poder constituyente en las provincias - 4. El Estado Provincial - 5. La Provincia en la Naci&#xF3;n - 6. La Regi&#xF3;n - 7. Los derechos y garant&#xED;as en las constituciones provinciales - 8. Sistemas electorales - 9. Poder Legislativo en las provincias - 10. El Poder Ejecutivo en las provincias - 11. Poder Judicial - 12. Juicio Pol&#xED;tico y Jury de Enjuiciamiento - 13. Dominio y Jurisdicci&#xF3;n de la Naci&#xF3;n y las provincias - 14. R&#xE9;gimen Financiero - 15. Servicios provinciales - 16. La Regla Federal en La Constituci&#xF3;n - 17. Federalismo como sistema - 18. Metr&#xF3;poli y pa&#xED;s: una relaci&#xF3;n a equilibrar -  </subfield>
  </datafield>
  <datafield tag="041" ind1=" " ind2=" ">
    <subfield code="a">spa</subfield>
  </datafield>
  <datafield tag="942" ind1=" " ind2=" ">
    <subfield code="c">BK</subfield>
  </datafield>
  <datafield tag="590" ind1=" " ind2=" ">
    <subfield code="a">niveau_biblio:m niveau_hierar:0</subfield>
  </datafield>
  <datafield tag="100" ind1="1" ind2=" ">
    <subfield code="a">Fr&#xED;as, Pedro Jos&#xE9;</subfield>
  </datafield>
  <datafield tag="700" ind1="1" ind2=" ">
    <subfield code="a">Berardo, Rodolfo</subfield>
  </datafield>
  <datafield tag="700" ind1="1" ind2=" ">
    <subfield code="a">Cordeiro Pinto, Luis</subfield>
  </datafield>
  <datafield tag="700" ind1="1" ind2=" ">
    <subfield code="a">Hern&#xE1;ndez, Antonio Mar&#xED;a (h)</subfield>
  </datafield>
  <datafield tag="700" ind1="1" ind2=" ">
    <subfield code="a">Iturrez, Arturo Horacio</subfield>
  </datafield>
  <datafield tag="700" ind1="1" ind2=" ">
    <subfield code="a">Vergara, Ricardo Alberto</subfield>
  </datafield>
  <datafield tag="700" ind1="1" ind2=" ">
    <subfield code="a">Zarza Mensaque, Alberto</subfield>
  </datafield>
  <datafield tag="999" ind1=" " ind2=" ">
    <subfield code="c">7151</subfield>
    <subfield code="d">7151</subfield>
  </datafield>
  <datafield tag="952" ind1=" " ind2=" ">
    <subfield code="0">0</subfield>
    <subfield code="1">0</subfield>
    <subfield code="4">0</subfield>
    <subfield code="7">0</subfield>
    <subfield code="a">BCEJYS</subfield>
    <subfield code="b">BCEJYS</subfield>
    <subfield code="c">16</subfield>
    <subfield code="d">2026-04-07</subfield>
    <subfield code="l">0</subfield>
    <subfield code="o">342.24 D431</subfield>
    <subfield code="p">L45798</subfield>
    <subfield code="r">2026-04-07 15:58:59</subfield>
    <subfield code="w">2026-04-07</subfield>
    <subfield code="y">L</subfield>
  </datafield>
</record>
